Statystyki dla Zawodnicy Fame MMA 5

Kliknij tutaj aby rozwiązać quiz!

Ogólne statystyki

  • Ten quiz został rozwiązany 789 razy
  • Średni wynik to 11 z 16

Statystyki odpowiedzi

WalkiZawodnicy% Poprawnych
MężczyznaIsamu
80%
MężczyznaMini Majk
79%
MężczyznaBonus BGC
78%
KobietaEwelona
78%
MężczyznaKruszwil
78%
MężczyznaRafonix
78%
KobietaEsmeralda
77%
MężczyznaNajman
77%
MężczyznaDawid Malczyński
74%
MężczyznaMarcin Malczyński
73%
MężczyznaOlejnik
73%
MężczyznaAdbuster
72%
MężczyznaKrycha
63%
MężczyznaKasti
61%
MężczyznaHassi
54%
MężczyznaOleh
52%

Rozkład punktacji

Percentyl według liczby udzielonych odpowiedzi

Procent ludzi z każdym wynikiem

Twoja historia wyników

Nie rozwiązałeś tego quizu